|
|
|
|
| LEADER |
00000nam a22000005a 4500 |
| 003 |
CL-ChBUA |
| 005 |
20120815091602.0 |
| 008 |
081204s1945 ag ||||| |||| 000 ||spa |
| 040 |
|
|
|a CL-ChBUA
|c CL-ChBUA
|
| 082 |
0 |
0 |
|a 460.018
|
| 090 |
|
|
|c 25441
|d 25441
|
| 100 |
1 |
|
|a Martí Alpera, Félix
|
| 245 |
1 |
0 |
|a Metodología del lenguaje
|
| 250 |
|
|
|a 2ª ed.
|
| 260 |
|
|
|a Buenos Aires
|b Losada
|c 1945
|
| 300 |
|
|
|a 113 p.
|c 20 cm.
|
| 504 |
|
|
|a Bibl., índice
|
| 650 |
|
4 |
|a METODOLOGIA DEL LENGUAJE
|
| 650 |
|
4 |
|a ENSEÑANZA DEL LENGUAJE
|
| 942 |
|
|
|c LIB
|
| 952 |
|
|
|0 0
|1 0
|2 ddc
|4 0
|6 460_018000000000000_M_378_1945
|7 0
|9 59987
|a UNACH
|b UNACH
|c 400
|d 2008-12-04
|i 3.646
|l 0
|o 460.018 / M 378 1945
|p 61122
|r 2012-12-27 00:00:00
|u 59987
|w 2012-08-08
|y LIB
|
| 999 |
|
|
|c 25441
|d 25441
|